Statistiken für Länder, wo das Meer zufriert

Klicken Sie hier um das Quiz zu spielen!

Allgemein

  • Dieses Quiz wurde 2,148 mal gespielt
  • Das Durchschnittsergebnis liegt bei 14 aus 16

Antwortstatistiken

Land % Korrekt
Russland
98%
Kanada
98%
Finnland
97%
Norwegen
97%
Schweden
97%
Grönland (Dänemark)
96%
Vereinigte Staaten
95%
Estland
87%
Lettland
86%
Japan
85%
Litauen
85%
Deutschland
80%
China
77%
Polen
77%
Nordkorea
64%
Ukraine
39%

Verteilung der Resultate

Perzentil nach korrekt beantworteten Fragen

Anzahl Personen mit jedem Resultat

Ihre Resultats-Entwicklung

Sie haben dieses Quiz noch nicht gespielt